Sports Quiz

Random Sports Quiz

The Non-American Sports Quiz Stats

 Plays Quiz not verified by Sporcle

Challenge
Share
Tweet
Embed
Score 0/29 Timer 05:00
0 Plays Today
% Correct
Italy
78.6%
England
77.6%
France
77.6%
Roland Garros
75.5%
India
70.4%
16
68.4%
West Germany
65.3%
Pakistan
62.2%
Bangladesh
53.1%
Sri Lanka
50%
Ethiopia
41.8%
Australia
40.8%
Sochi (Russia)
38.8%
Singapore
35.7%
Malaysia
34.7%
% Correct
Russia
32.7%
Goal Attack
31.6%
Wing Attack
31.6%
Centre
31.6%
Wing Defence
27.6%
Goal Defence
27.6%
Goal Keeper
27.6%
Daniel Vettori
26.5%
Goal Shooter
24.5%
Ireland
23.5%
Brunei
22.4%
Maldives
20.4%
Tennis
9.2%
Equipe Canada
3.1%

You're not logged in!

Compare scores with friends on all Sporcle quizzes.
OR
Log In

You Might Also Like...

Show Comments

Extras

Created Apr 28, 2010ReportNominate
Tags:non-american

Top Quizzes Today


Score Distribution

Your Account Isn't Verified!

In order to create a playlist on Sporcle, you need to verify the email address you used during registration. Go to your Sporcle Settings to finish the process.

Report this User

Report this user for behavior that violates our Community Guidelines.

Details: